Statistics for Winners of the Tour of Flanders since 2000.

Click here to take the quiz!

General Stats

  • This quiz has been taken 16 times
    (4 since last reset)
  • The average score is 17 of 24

Answer Stats

YearWinnerCountry% Correct
2019Alberto BettiolItaly
100%
2013Fabian CancellaraSwitzerland
100%
2014Fabian CancellaraSwitzerland
100%
2010Fabian CancellaraSwitzerland
100%
2021Kasper AsgreenDenmark
100%
2022Mathieu van der PoelNetherlands
100%
2020Mathieu van der PoelNetherlands
100%
2018Niki TerpstraNetherlands
100%
2016Peter SaganSlovakia
100%
2017Philippe GilbertBelgium
100%
2023Tadej PogacarSlovenia
100%
2012Tom BoonenBelgium
100%
2006Tom BoonenBelgium
100%
2005Tom BoonenBelgium
100%
2007Alessandro BallanItaly
67%
2009Stijn DevolderBelgium
67%
2008Stijn DevolderBelgium
67%
2015Alexander KristoffNorway
33%
2000Andrei TchmilBelgium
33%
2011Nick NuyensBelgium
33%
2003Peter Van PetegemBelgium
33%
2002Andrea TafiItaly
0%
2001Gianluca BortolamiItaly
0%
2004Steffen WesemannGermany
0%

Score Distribution

Percentile by Number Answered

Percent of People with Each Score

Your Score History

You have not taken this quiz since the last reset